00645cam a22002531 4500001001300000003000400013005001700017008004100034010001700075035002000092040001800112042001200130043001200142050001500154100002800169245004200197260001100239300002200250500001400272504003100286650002700317651003000344999001700374sa 67006230 DLC20260227112405.0890705s1962 ii b 000 0 hino  asa 67006230  a(OCoLC)19964823 aDLCcWaUdDLC apremarc aa-ii---00aHN683b.U61 aUpadhyay, Ramji,d1920-10aBhārata kī sāmājika krānti. c[1962] a6, 107 p.c23 cm. aIn Hindi. aBibliographical footnotes. 0aWomenzIndiaxHistory. 0aIndiaxSocial conditions. c75783d75783